01188nam a2200265 a 450000100100000000500170001000800410002702000150006804000250008308200160010810000310012424501080015526000340026330000280029750000570032550400320038259000260041470000350044070000380047570000310051395201280054495201140067295201190078699900170090500004900220201002061559.0190712s2000 dr a r 000 0 spa d a9993452017 aDO-SdBNPbspacBNPHU axxxxbA197c1 aAdames Franco, Yoel97642510aCampeones de oro /cYoel Adames Franco; colaboradores Daniel Grimaldi, Franklin Núñez, Daniel Soto. aSanto Domingo :bs.n.,c2000. a246 p. :bil. ;c21 cm. aIncluye datos biográficos del autor en las solapas aBibliografía : p. 238-239 aInventariado, 2019/BT1 aGrimaldi, Daniel,ecol.9764261 aNúñez, Franklin,ecol.9764271 aSoto, Daniel,ecol.976428 001054708DSaGRbGRcHDd2019-07-12iLF1l0oxxxx A197cp49003-30r2020-06-25te.3w2020-06-25yLFDSZPréstamo en sala 0010718PDaPDbPDcHDd2019-07-12iLF1l0oxxxx A197cp49003-10r2020-06-25w2020-06-25yLFPDZNo se presta 0010718PDaPDbPDcHDd2019-07-12iLF1l0oxxxx A197cp49003-20r2020-06-25te.2w2020-06-25yLFPDZNo se presta c48490d48490